[Event "6th Karoun Masters Cup 2019"]
[Site "Ahvaz"]
[Date "2019.02.25"]
[Round "6.2"]
[White "Abbasifar, Hasan"]
[Black "Grigoryan, Karen H."]
[Result "0-1"]
[WhiteElo "2401"]
[BlackElo "2590"]
[Annotator "TA"]
[PlyCount "84"]
[EventDate "2019.02.21"]
[EventType "swiss"]
[EventRounds "9"]
[EventCountry "IRI"]
[SourceTitle "playchess.com"]
[Source "ChessBase"]
[SourceQuality "1"]

{[%evp 9,84,7,12,-5,12,-6,4,0,0,-35,23,20,20,-3,26,0,0,0,0,0,0,-14,16,-36,-2,-52,0,-81,-87,-90,-88,-91,-108,-110,-103,-149,-123,-180,118,0,0,-200,-204,-332,-327,-327,-327,-302,-318,-411,-433,-430,-414,-355,-392,-559,-411,-393,-400,-450,-443,-828,-820,-2047,-1202,-365,-1808,-1630,-1383,-1440,-1421,-29976,-29975,-29977,-29977,-29975,-29965]} 1. d4 Nf6 2. Bg5 c5 3. Bxf6 gxf6 4. d5 Qb6 5. Qc1 d6 6. g3 {A45: Trompowsky Attack} (6. e3 f5 7. c4 Rg8 8. Nc3 Nd7 9. Qc2 Nf6 10. g3 Bd7 11. Nge2 Ng4 12. Nf4 O-O-O 13. Be2 Kb8 {½-½ (35) Cruzado Duenas,C (2579)-Wilczek,T (2674) ICCF email 2010}) 6... h5 7. h4 Bg4 $146 ({Predecessor:} 7... Bh6 8. e3 Bg4 9. Bg2 Nd7 10. Nd2 Rg8 11. Nh3 Qa6 12. c4 Ne5 {½-½ (31) Gaerths,R (2270)-Heinig,W (2295) Germany 2003}) 8. Nd2 {The position is equal.} Nd7 9. c3 Ne5 (9... Bh6 $15) 10. Qc2 $11 O-O-O 11. a4 {[%cal Ba2a4,Ba4a5][%mdl 32]} a6 12. a5 Qc7 $1 $36 {[%mdl 2048] Black has some pressure.} 13. f4 Nd7 14. Nc4 e6 15. Bg2 f5 16. Ra3 (16. O-O-O $11) 16... e5 17. Nh3 Re8 (17... exf4 $15 18. Nxf4 Bh6) 18. O-O (18. Nf2 $11 {remains equal.}) 18... exf4 19. Nxf4 Bh6 20. e3 Ne5 {[%cal Bd7e5,Be5g4,Bg4e3][%mdl 32]} 21. Nb6+ Kb8 22. Qd2 Rhg8 23. Kh2 (23. Raa1 $17 {might work better.}) 23... Be2 $2 (23... Ng6 $1 $19 {Threatens to win with ...Bxf4.} 24. Rf2 Re7) 24. Nxe2 (24. Qxe2 $16 {Strongly threatening Bh3.} Ng4+ 25. Kh3 Rxe3 26. Qd2) 24... Ng4+ 25. Kh1 $2 (25. Kh3 $1 $11 {and White has nothing to worry.} Nxe3 26. c4) 25... Rxe3 $19 26. Qc2 (26. Rxf5 $2 Qe7 $19) (26. Qe1 {is a better defense.} Qe7 27. Bf3) 26... Qe7 27. c4 (27. Qxf5 $2 Rxg3 $3 {[%mdl 512]} 28. Qg5 Bxg5 $19) (27. Bf3 Ne5 $11) 27... Rxe2 28. Qxf5 Ne3 {[%mdl 64] Double Attack, Discovered Attack} ({Don't play} 28... Rxb2 29. Qxf7 Qxf7 30. Rxf7 $19) 29. Qxf7 Qxf7 30. Rxf7 Rxg3 (30... Nxg2 $2 31. Nd7+ Ka7 32. Rb3 $19) (30... Rxg2 31. Rxe3 $1 {[%mdl 512]} Rf2 32. Rxf2 $16) 31. Bf1 {[#]} Re1 $1 ({Less strong is} 31... Rxb2 32. Re7 $11) 32. Kh2 (32. Rxe3 $142 Rgxe3 33. Rh7) 32... Rg8 ({Weaker is} 32... Rxf1 33. Rxe3 Rxe3 34. Rxf1 $11) (32... Nxf1+ {[#]} 33. Rxf1 $1 {[%mdl 512]} Rxf1 34. Rxg3 $17) 33. Bh3 {and the idea Rf6 leaves White hopeful.} Bg7 34. Nd7+ Ka7 35. Rb3 (35. Rxe3 $142 Rxe3 36. Rf2) 35... Bd4 36. Rxb7+ Kxb7 37. Nb6+ Kb8 38. Nd7+ Kc8 {( -> ...Re2+)} 39. Nf6+ {[#]} Rg4 $1 {[%cal Rd4e5]} 40. Rf8+ (40. Nxg4 hxg4) 40... Kc7 {[%cal Rd4e5] Black mates.} 41. Rf7+ Kd8 {[%cal Rd4e5]} 42. Nxg4 hxg4 {Accuracy: White = 30%, Black = 48%.} 0-1

[Event "6th Karoun Masters Cup 2019"]
[Site "Ahvaz"]
[Date "2019.02.25"]
[Round "6.3"]
[White "Bernadskiy, Vitaliy"]
[Black "Mosadeghpour, Masoud"]
[Result "1-0"]
[WhiteElo "2570"]
[BlackElo "2531"]
[Annotator "TA"]
[PlyCount "53"]
[EventDate "2019.02.21"]
[EventType "swiss"]
[EventRounds "9"]
[EventCountry "IRI"]
[SourceTitle "playchess.com"]
[Source "ChessBase"]
[SourceQuality "1"]

{[%evp 12,53,72,56,75,53,53,47,86,84,145,116,102,96,97,83,89,56,54,50,68,65,56,60,62,64,82,66,82,85,84,95,166,141,225,205,266,257,755,865,853,842,941,946]} 1. e4 c5 2. Nf3 d6 3. Bb5+ Nd7 4. O-O a6 5. Bd3 (5. Bxd7+ Bxd7 6. d4 cxd4 7. Qxd4 e5 8. Qd3 h6 9. a4 Nf6 10. a5 Be7 11. c4 b5 12. axb6 Qxb6 13. Nc3 O-O 14. Be3 Qb7 15. h3 Rfc8 16. Nd2 Be6 17. Rfb1 a5 18. b3 Ra6 19. Ra2 Bd7 20. Rba1 {½-½ (20) Wang,H (2730)-Nepomniachtchi,I (2763) St Petersburg 2018}) 5... Ne5 6. Nxe5 {B51: Sicilian: Moscow Variation (3 Bb5+) without 3...Bd7} dxe5 7. a4 {LiveBook: 9 Games} e6 8. Na3 {White is better.} Bd6 $146 ({Predecessor:} 8... Ne7 9. Nc4 Nc6 10. a5 Bd6 11. Nxd6+ Qxd6 12. b3 O-O {0-1 (32) Can,E (2548)-Kovchan,A (2585) Iasi 2015}) 9. Nc4 Bc7 10. Qg4 g5 (10... g6 $142) 11. a5 Bd7 12. b3 Bb5 13. Bb2 Bxc4 14. Bxc4 h5 15. Qg3 h4 16. Qe3 $1 Bd6 17. c3 Nf6 18. b4 Qe7 19. bxc5 Bxc5 20. d4 ({Much worse is} 20. Qxg5 Rh5 $15) 20... Bd6 21. Be2 O-O-O {[#]} (21... Rg8 $16 {was necessary.}) 22. Rfb1 $1 $18 ({Don't take} 22. Qxg5 $6 Nxe4 23. Qxe7 Bxe7 $14) 22... Nd7 (22... g4 $16 {keeps fighting.}) 23. Bc1 Rhg8 24. Ra4 f5 $2 {[#]} (24... Kc7 25. Ra2 Rb8) 25. Bxa6 $1 {[%mdl 512] White is clearly winning.} bxa6 26. Qe2 Nb8 27. Rc4+ {Precision: White = 80%, Black = 40%.} 1-0

[Event "6th Karoun Masters Cup 2019"]
[Site "Ahvaz"]
[Date "2019.02.25"]
[Round "6.4"]
[White "Kreisl, Robert"]
[Black "Salar, Milad"]
[Result "1-0"]
[WhiteElo "2424"]
[BlackElo "2256"]
[Annotator "TA"]
[PlyCount "81"]
[EventDate "2019.02.21"]
[EventType "swiss"]
[EventRounds "9"]
[EventCountry "IRI"]
[SourceTitle "playchess.com"]
[Source "ChessBase"]
[SourceQuality "1"]

{[%evp 9,81,7,11,14,35,38,76,21,35,32,37,0,7,11,39,31,39,26,36,0,20,20,20,36,28,28,20,22,26,35,101,97,108,109,116,106,185,188,175,177,264,272,260,260,284,272,301,288,287,269,302,243,243,243,243,243,242,238,242,242,254,253,258,232,357,357,360,342,356,341,365,350,29997,29998]} 1. e4 c5 2. Nf3 d6 3. Nc3 Nf6 4. e5 dxe5 5. Nxe5 a6 6. g3 {B50: Sicilian: 2...d6, Miscellaneous} e6 7. Bg2 Qc7 {[#]} 8. Qe2 (8. Nc4 $1 $16) 8... Bd6 $146 ({Predecessor:} 8... Be7 9. d3 O-O 10. O-O Ra7 11. Rd1 b5 12. Bf4 Bd6 {1-0 (43) Roiz,M (2611)-Sachdev,T (2371) Biel 2006}) 9. Nc4 Nc6 10. Nxd6+ (10. d3 {seems wilder.} Bd7 11. Bg5 Be7 12. O-O O-O 13. Bf4) 10... Qxd6 11. O-O Nd4 12. Qd1 $1 O-O 13. d3 e5 14. h3 c4 15. dxc4 Bf5 16. Be3 Rad8 17. Bxd4 ({But not} 17. Bxb7 Bxh3 18. Ne4 Nxe4 $15) 17... exd4 18. Nd5 Nxd5 19. cxd5 Qb6 (19... Qb4 $1 $14) 20. c3 $16 d3 21. Qd2 Qc5 22. Rae1 Rxd5 (22... b5 $16 23. Re5 Bg6) 23. Bxd5 $18 Qxd5 24. g4 Be6 (24... Be4 $142) 25. Re3 Qxa2 26. Rxd3 Qa5 {Black hopes to continue with ...Bc4.} 27. Re1 h5 28. Rd4 hxg4 29. hxg4 Qc7 30. Qf4 Qxf4 31. Rxf4 {[%mdl 4096] Endgame KRR-KRB} Rc8 32. f3 Rc5 33. Kf2 a5 34. Rfe4 Rc6 35. Re5 a4 36. Rb5 Rc7 (36... b6 {was worth a try.} 37. Rb4 a3 38. bxa3 Rxc3) 37. Ra5 Bb3 38. Re8+ Kh7 39. Rd8 Re7 40. Rd6 {[#] Intending Rh5+ and mate.} Bc4 $2 (40... g6 $18 41. Ra7 Kg7) 41. Rh5+ {Accuracy: White = 67%, Black = 29%.} 1-0

[Event "6th Karoun Masters Cup 2019"]
[Site "Ahvaz"]
[Date "2019.02.25"]
[Round "6.5"]
[White "Lomsadze, Davit"]
[Black "Gholami Orimi, Mahdi"]
[Result "1/2-1/2"]
[WhiteElo "2286"]
[BlackElo "2375"]
[Annotator "TA"]
[PlyCount "133"]
[EventDate "2019.02.21"]
[EventType "swiss"]
[EventRounds "9"]
[EventCountry "IRI"]
[SourceTitle "playchess.com"]
[Source "ChessBase"]
[SourceQuality "1"]

{[%evp 13,133,45,29,10,95,0,4,1,14,-10,0,7,10,5,0,0,25,31,38,33,51,40,28,21,36,23,35,12,22,4,9,11,17,8,16,4,8,0,0,0,0,0,0,0,0,0,0,-129,-129,-129,-129,-146,-146,-138,-133,-147,-89,-130,-128,-117,-114,-147,-147,-160,-131,-131,-135,-133,-135,-197,-201,-197,-183,-227,-183,-195,-183,-183,-183,-158,0,-118,-70,-70,-39,-70,0,-50,-8,-8,0,-62,-17,-119,-119,-118,0,-79,0,0,0,0,0,0,0,-44,0,0,0,0,0,0,0,0,0,0,0,0,0,0,0,0]} 1. e4 e5 2. Nf3 Nc6 3. Nc3 g6 4. d4 exd4 5. Nxd4 Bg7 6. Be3 d6 7. Be2 Nf6 8. O-O {C41: Philidor Defence} (8. Qd2 {looks sharper.} O-O 9. O-O-O Re8 10. f3 d5 11. Bg5) (8. f4 Bd7 9. Bf3 Nxd4 10. Bxd4 O-O 11. O-O Bc6 12. b4 a6 13. a4 b5 14. Qd3 Qd7 15. e5 dxe5 16. fxe5 {1-0 (24) Lugovskoy,M (2428)-Moiseenko,V (2274) Tula 2018}) 8... Qe7 (8... O-O $11) 9. Nxc6 (9. Bg5 $16) 9... bxc6 $11 10. Bf3 {Strongly threatening e5!} O-O $146 ({Predecessor:} 10... Bd7 11. Re1 O-O 12. Bd4 Qd8 13. h3 Rb8 14. Rb1 c5 15. Be3 Be6 {½-½ (44) Lutz,G (1666)-Mehler,W (1709) Sailauf 2000}) 11. Rb1 a5 12. Re1 Nd7 13. Bd4 Ne5 14. Be2 c5 15. Nd5 Qd8 16. Bc3 Bb7 17. f4 Nd7 18. Bxg7 Kxg7 19. Bf3 Rb8 20. Nc3 Re8 21. Qd2 Nf8 22. b3 Bc6 23. Rbd1 Rb4 24. Nd5 Bxd5 $1 25. Qc3+ Kg8 26. exd5 Rxe1+ 27. Rxe1 Rxf4 28. Qxa5 Nd7 29. Qc3 Ne5 $36 {[%mdl 2048] White is under pressure.} 30. Rxe5 (30. a4 $11) 30... dxe5 $17 31. Qxe5 $11 {[%mdl 4096] Endgame KQR-KQB} Rb4 32. g3 Qd6 33. Qe8+ Kg7 34. Qe3 Rb8 ({Black should try} 34... Qf6 35. a3 Rb8) 35. Kf2 Kg8 $1 36. Qf4 Re8 37. Qxd6 cxd6 $17 {KR-KB} 38. Be2 Kg7 39. a4 Kf6 40. a5 Ke5 41. a6 {[#]} (41. c3 $17 {was necessary.}) 41... Kd4 $1 $19 ({Stronger than} 41... Kxd5 42. Bf3+ Kd4 43. Bc6 $16) 42. Bb5 Ra8 43. Kf3 Ra7 44. Kf4 f6 45. Bc4 {[#]} Kc3 $1 46. Bd3 Kd4 47. Bc4 Re7 48. h4 $1 Re4+ 49. Kf3 Re7 (49... Re8 {with more complications.} 50. h5 Ke5 51. g4 Ra8 52. Bd3 Ra7) 50. Kf4 Kc3 51. Bd3 Kd4 (51... Ra7 $11) 52. Bc4 $15 Rg7 53. Kf3 (53. h5 $11 {remains equal.}) 53... Kc3 $17 54. Bd3 Kd4 55. Bc4 g5 (55... Rg8 $17) 56. hxg5 $11 fxg5 57. Kg4 Ke4 58. Kh5 g4 59. Kh6 Ra7 60. Kg5 {The position is equal.} Kf3 61. Kh4 h6 62. c3 {Threatens to win with b4.} Re7 63. Bb5 Ra7 (63... Re1 $5 64. Kh5 $8 Re7 $11) 64. Bc4 {aiming for b4.} Re7 65. Bb5 Ra7 66. Bc4 {Black must now prevent b4.} Re7 67. Bb5 {Accuracy: White = 56%, Black = 63%.} 1/2-1/2

[Event "6th Karoun Masters Cup 2019"]
[Site "Ahvaz"]
[Date "2019.02.25"]
[Round "6.6"]
[White "Hamidi, Amir Mohammad"]
[Black "Thing, Bibek"]
[Result "1-0"]
[WhiteElo "2203"]
[BlackElo "2264"]
[Annotator "TA"]
[PlyCount "97"]
[EventDate "2019.02.21"]
[EventType "swiss"]
[EventRounds "9"]
[EventCountry "IRI"]
[SourceTitle "playchess.com"]
[Source "ChessBase"]
[SourceQuality "1"]

{[%evp 16,97,-3,-10,31,29,25,29,50,36,39,20,20,22,26,27,52,41,39,21,29,14,15,16,14,4,11,0,0,0,0,0,6,10,45,0,33,22,27,35,22,0,0,0,0,0,68,64,64,58,64,64,70,71,71,70,77,77,85,80,85,85,84,81,85,77,101,102,113,89,95,70,70,70,70,70,77,77,306,306,1280,1102,1621,1022]} 1. Nf3 Nf6 2. d4 e6 3. c4 d5 4. Nc3 Be7 5. Bg5 h6 6. Bh4 O-O 7. cxd5 Nxd5 8. Bxe7 Qxe7 9. e3 Qb4 $146 {D53: Queen's Gambit Declined: 4 Bg5 Be7: Early deviations} ({Predecessor:} 9... Nxc3 10. bxc3 b6 11. Be2 Bb7 12. O-O Nd7 13. a4 a5 14. Nd2 e5 15. Qc2 Nf6 16. Bf3 Bxf3 17. Nxf3 Nd7 18. Qe4 Rfe8 19. Rab1 {½-½ (19) Schneider,B (2409)-Dambacher,M (2493) Germany 2013}) 10. Qd2 Nxc3 11. a3 Qa5 {White has an edge.} 12. Rc1 {[%mdl 64] [#] Pin} c5 13. Qxc3 Qxc3+ 14. Rxc3 cxd4 15. Nxd4 a6 16. Rc7 Nd7 17. Bc4 Nf6 18. O-O b5 19. Be2 Bd7 20. Bf3 Rac8 21. Rcc1 e5 22. Nb3 Be6 23. Na5 Rxc1 24. Rxc1 Rd8 (24... e4 $5 {[%cal Re4f3]} 25. Be2 Rd8 $11) 25. Rd1 Rc8 {...e4 is the strong threat.} 26. Nc6 $36 {[%mdl 2048] White is pushing.} Rc7 27. Nxe5 Rc2 28. g4 Rxb2 29. Rd8+ Kh7 30. h4 g5 (30... b4 $11 31. axb4 Rxb4) 31. hxg5 hxg5 32. Rd6 {Threatens to win with Nxf7!} Kg7 33. Rxa6 b4 34. axb4 Rxb4 {[%cal Rf6g4] [#]} 35. Ra5 $1 Kf8 36. Nc6 Rc4 37. Nd4 Bxg4 38. Bxg4 Nxg4 39. Rxg5 $16 {[%mdl 4096] Endgame KRN-KRN} Nf6 40. Kg2 Nh7 41. Ra5 Kg7 42. Ra6 {aiming for Nf5+.} Rc5 43. e4 {Black must now prevent f4.} Ng5 44. f3 Rc4 45. Rd6 Kf8 46. Kg3 {And now Kg4 would win.} Rc3 $2 (46... f6 $16 47. Nf5 Kf7) 47. Kg4 $18 Ne6 $2 (47... Rc5 48. e5 Nh7) 48. Nxe6+ Ke7 49. Nd4 {Accuracy: White = 65%, Black = 44%.} 1-0

[Event "6th Karoun Masters Cup 2019"]
[Site "Ahvaz"]
[Date "2019.02.25"]
[Round "7.1"]
[White "Danielyan, Vahe"]
[Black "Bernadskiy, Vitaliy"]
[Result "1/2-1/2"]
[WhiteElo "2186"]
[BlackElo "2570"]
[Annotator "TA"]
[PlyCount "56"]
[EventDate "2019.02.21"]
[EventType "swiss"]
[EventRounds "9"]
[EventCountry "IRI"]
[SourceTitle "playchess.com"]
[Source "ChessBase"]
[SourceQuality "1"]

{[%evp 14,56,0,-14,-16,-13,-22,-9,-13,-10,-13,-19,0,0,18,10,18,15,15,6,8,18,31,33,33,39,37,36,39,27,34,32,55,33,38,33,38,30,43,45,52,37,45,0,41]} 1. e4 c6 2. d3 d5 3. Nd2 e5 4. Ngf3 Bd6 5. d4 exd4 6. exd5 cxd5 7. Bb5+ {B10: Caro-Kann: 2 d3 and 2 c4} (7. Nxd4 Nc6 8. N2f3 Nf6 9. Be2 O-O 10. O-O h6 11. c3 Re8 12. h3 Bc7 13. Re1 a6 14. Bd3 Rxe1+ 15. Qxe1 Qd6 {0-1 (30) Andriasian,Z (2591)-Vidit,S (2718) chess.com INT 2018}) 7... Nc6 8. O-O {LiveBook: 7 Games} a6 9. Bd3 $146 ({Predecessor:} 9. Be2 Nge7 10. Nb3 Qc7 11. h3 O-O 12. Nbxd4 Re8 13. c3 Bd7 14. Bd3 Nxd4 15. Nxd4 Ng6 16. Bf5 Bc5 17. Bxd7 Qxd7 18. Be3 Re4 19. Nc2 {½-½ (19) Mainka,R (2484)-Saltaev,M (2495) Dortmund 2010}) 9... Nge7 10. Nb3 Bg4 11. Re1 Qc7 12. h3 Bh5 13. Be2 O-O 14. Nbxd4 Rfe8 15. c3 Bg6 16. Bd3 Na5 17. Bg5 Nec6 18. Bxg6 hxg6 19. Nc2 Rxe1+ 20. Ncxe1 Qd7 21. Nc2 Nc4 22. b3 Nb6 23. Be3 Nc8 24. Qd2 N8e7 25. Rd1 Rd8 26. Bb6 Bc7 27. Bc5 Bd6 28. Bb6 Bc7 {Precision: White = 77%, Black = 69%.} 1/2-1/2

[Event "6th Karoun Masters Cup 2019"]
[Site "Ahvaz"]
[Date "2019.02.25"]
[Round "7.2"]
[White "Grigoryan, Karen H."]
[Black "Lorparizangeneh, Shahin"]
[Result "0-1"]
[WhiteElo "2590"]
[BlackElo "2493"]
[Annotator "TA"]
[PlyCount "82"]
[EventDate "2019.02.21"]
[EventType "swiss"]
[EventRounds "9"]
[EventCountry "IRI"]
[SourceTitle "playchess.com"]
[Source "ChessBase"]
[SourceQuality "1"]

{[%evp 9,82,18,20,0,5,-10,-13,-19,-18,-18,-2,-5,-5,-10,0,-7,0,-37,-27,-46,-42,-44,-44,-45,-38,-56,-56,-68,-45,-68,-51,-87,-87,-84,-79,-86,-81,-82,-83,-87,-66,-65,-68,-52,-45,-97,-30,-48,-40,-27,-12,-18,-23,-63,-64,-163,-172,-166,-183,-248,-235,-852,-850,-825,-820,-1804,-817,-1242,-785,-1446,-1391,-1642,-843,-1391,-829]} 1. c4 e5 2. Nc3 Bb4 3. Nd5 Bc5 4. Nf3 c6 5. Nc3 d6 6. g3 {A21: English Opening: 1...e5 2 Nc3} Nf6 7. d3 O-O 8. Bg2 {The position is equal.} Re8 9. O-O h6 10. b3 $146 ({Predecessor:} 10. Na4 Bb4 11. a3 Ba5 12. b4 Bc7 {½-½ (44) Caruana,F (2823)-Anand,V (2779) London 2016}) 10... d5 11. e3 Bd6 12. Bb2 a6 13. cxd5 cxd5 14. Nd2 Bg4 15. Qb1 Bf8 16. h3 Be6 17. Ne2 Nc6 18. Nf3 Bf5 19. g4 Bh7 20. Ng3 Bd6 21. Qd1 Nb4 22. Ne1 e4 23. dxe4 dxe4 24. a3 Nbd5 25. Nc2 Rc8 26. Ne2 Qb6 27. Ncd4 (27. Bd4 $15 Qxb3 28. Bxf6 Nxf6 29. Qxd6 Qxc2 30. Rfe1) 27... h5 (27... Rcd8 $17) 28. g5 $1 $11 {[%cal Rg5f6]} Nd7 29. Nf5 Be5 30. Qxd5 {Black must now prevent Bd4.} Bxf5 31. Bxe5 Nxe5 32. Rac1 ({White should try} 32. Bxe4 $15 Bxh3 33. Rfc1) 32... Rcd8 $19 33. Qc5 Qg6 ({Worse is} 33... Qxb3 34. Nd4 $14) 34. Nf4 (34. h4 {is a better defense.}) 34... Qxg5 35. Rfd1 $2 (35. Qb4) 35... Rxd1+ {Black is clearly winning.} 36. Rxd1 {[#]} Bxh3 $1 {[%mdl 576] Pin} 37. Rd5 (37. Nxh3 Nf3+) 37... Bxg2 (37... Nf3+ $142 38. Kf1 Bxg2+ 39. Nxg2 Qg4) 38. Nxg2 h4 {( -> ...h3)} 39. Kh1 Qf5 40. Nxh4 Qh3+ {[%mdl 64] [#] Double Attack} 41. Kg1 Ng4 {Accuracy: White = 39%, Black = 61%.} 0-1

[Event "6th Karoun Masters Cup 2019"]
[Site "Ahvaz"]
[Date "2019.02.25"]
[Round "7.3"]
[White "Hamidi, Amir Mohammad"]
[Black "Kreisl, Robert"]
[Result "1/2-1/2"]
[WhiteElo "2203"]
[BlackElo "2424"]
[Annotator "TA"]
[PlyCount "30"]
[EventDate "2019.02.21"]
[EventType "swiss"]
[EventRounds "9"]
[EventCountry "IRI"]
[SourceTitle "playchess.com"]
[Source "ChessBase"]
[SourceQuality "1"]

{[%evp 9,30,53,52,48,64,17,25,21,76,79,101,125,138,156,267,299,282,279,277,268,260,196,374]} 1. d4 c5 2. dxc5 Na6 3. e4 Nxc5 4. Nc3 d6 5. Be3 Bd7 (5... e6 6. Nf3 a6 7. Qd4 Ne7 8. Rd1 Nc6 9. Qd2 b5 10. a3 Be7 11. Bf4 e5 12. Be3 {1-0 (42) Mamedyarov,S (2674)-Heberla,B (2465) Istanbul 2005}) 6. Nf3 {[%cal Bg1f3,Bf3e5,Be5c4,Bc4a5][%mdl 32] A43: Schmid Benoni} e6 7. Bxc5 dxc5 8. Ne5 {White has an edge.} a6 (8... Nf6 $11 {keeps the balance.}) 9. Qf3 $146 {[%csl Ge5][%cal Rf3f7]} ({Predecessor:} 9. Qxd7+ Qxd7 10. Nxd7 Kxd7 11. O-O-O+ Kc7 {½-½ (58) David,B-Heinzer,R Goed 2004}) 9... Qf6 {[#]} 10. Qg3 $1 $40 {[%mdl 128] 0-0-0 is the strong threat. White wants a kill.} O-O-O 11. Nc4 {[%cal Rc4b6]} b5 (11... e5 $16 12. O-O-O (12. Qxe5 b5 $16) (12. Nxe5 Be6 $16) 12... Be6) 12. e5 $18 ({Much less strong is} 12. Nd6+ $6 Bxd6 13. Qxd6 Kb7 $16) 12... Qg6 {[#]} 13. Qf3 $1 {[%cal Rf3a8] Qa8+ would kill now.} Kc7 14. Na5 {[%csl Ga5][%cal Rf3b7]} Rb8 15. O-O-O Qg5+ $2 {[%mdl 32768] Precision: White = 84%, Black = 55%. . An unexpected result.} (15... Ne7) 1/2-1/2

[Event "6th Karoun Masters Cup 2019"]
[Site "Ahvaz"]
[Date "2019.02.25"]
[Round "7.4"]
[White "Mosadeghpour, Masoud"]
[Black "Lomsadze, Davit"]
[Result "0-1"]
[WhiteElo "2531"]
[BlackElo "2286"]
[Annotator "TA"]
[PlyCount "104"]
[EventDate "2019.02.21"]
[EventType "swiss"]
[EventRounds "9"]
[EventCountry "IRI"]
[SourceTitle "playchess.com"]
[Source "ChessBase"]
[SourceQuality "1"]

{[%evp 12,104,21,-26,26,18,30,12,27,38,22,41,46,-9,-2,-23,-14,-20,-18,-15,-25,-10,-6,-6,-6,-6,-6,-8,-8,-13,0,0,0,0,0,-4,-4,-13,0,-81,-61,-110,-39,-47,-45,-27,-33,-136,-89,-141,-134,-141,-147,-138,-141,-135,-139,-116,-133,-128,-126,-126,-126,-127,-133,-161,-161,-161,-161,-242,-241,-190,-182,-180,-113,-5626,-5616,-5080,-4714,-88,-108,-113,-372,-29961,-5608,-29969,-29970,-29972,-29973,-29971,-29974,-29973,-29974,-29972,-29969]} 1. e4 e5 2. Nf3 Nc6 3. Bb5 Bc5 4. c3 f5 5. d4 fxe4 6. Nxe5 Nxe5 7. Qh5+ {[%mdl 64] Double Attack, Pin} Nf7 {C64: Ruy Lopez: Classical Defence (3...Bc5) except 4 0-0 Nf6} (7... Ng6 $142 8. dxc5 (8. Qxc5 c6 $11) 8... Nf6) 8. Bc4 $11 {[%csl Gc4][%cal Rh5f7]} (8. dxc5 Nf6 9. Qe2 O-O 10. Be3 d5 11. cxd6 Nxd6 12. Nd2 Bg4 13. f3 Nxb5 14. Qxb5 exf3 15. O-O {0-1 (24) Delgado Ramirez,N (2417)-Perez Garcia,R (2406) Santa Clara 1999}) 8... Qe7 {And now ...Bb6 would win.} ({Of course not} 8... d5 $6 9. Bxd5 g6 10. Bxf7+ Kxf7 11. Qxc5 $16) 9. dxc5 {With the idea Bg5.} Nf6 {The position is equal.} 10. Bxf7+ Kf8 11. Qh4 {Bb3 is the strong threat.} Kxf7 12. Be3 (12. Bg5 $14) 12... b6 13. Qf4 Ba6 14. Qxc7 Nd5 15. Qd6 $146 ({Predecessor:} 15. Qg3 bxc5 16. Nd2 Rhb8 17. O-O-O Bd3 18. Qg5 Qe6 19. Nb3 Nb4 {Schmid,H-Werner,C corr 1997}) 15... Qxd6 16. cxd6 Nxe3 17. fxe3 Ke6 18. Na3 Bd3 19. O-O-O Rhf8 $36 {[%mdl 2048] next ...Rf2 is good for Black. Black is pushing.} 20. Rd2 Rf6 21. Nc2 Raf8 22. Rhd1 Rf2 23. b3 Rxd2 24. Rxd2 {[%mdl 4096] Endgame KRB-KRN} Rf1+ 25. Kb2 (25. Rd1 $1 $11) 25... a5 26. Na3 Kxd6 ({Black should try} 26... b5 $17) 27. Nc4+ $15 Kc5 28. Ne5 {[%mdl 64] Double Attack} d5 29. a3 (29. a4 $15) 29... Rb1+ $17 30. Ka2 Re1 $1 31. b4+ Kb5 $1 32. bxa5 bxa5 ({Don't play} 32... Rxe3 $6 33. axb6 (33. Rb2+ Kxa5 34. Nc6+ Ka6 $17) 33... Kxb6 34. Nxd3 $11) 33. Nxd3 exd3 34. Rxd3 {KR-KR} Re2+ 35. Kb1 Kc4 36. Rd4+ Kb3 {( -> ...Re1+)} 37. Kc1 Kxc3 38. Rxd5 Re1+ $1 39. Rd1 Rxe3 40. Rf1 (40. Kb1 $142) 40... a4 $1 $19 41. Kd1 Kb2 42. Rf7 {[#]} Rxa3 ({Black should play} 42... Rd3+ $1 $19 43. Ke2 Rxa3) 43. Rxg7 $2 {[%mdl 8192]} (43. Rf2+ $17 Kb3 44. Rf3+ Kb2 45. Rf2+ Kc3 46. Rf3+ Kb4 47. Rf4+ Kc3 48. Rf3+ Kb4 49. Rf4+ Kc3 50. Rf3+) 43... Rb3 44. Rc7 {[#]} Rd3+ $1 45. Ke2 Rc3 46. Rxh7 a3 {Threatens to win with ...a2.} 47. Rb7+ $2 (47. h4 $19) 47... Rb3 48. Ra7 a2 {Black mates.} 49. Kd2 a1=Q 50. Rxa1 Kxa1 51. h4 Kb2 52. Ke2 Ka3 {Accuracy: White = 46%, Black = 79%.} 0-1